Music Quiz

Random Music or Lyrics Quiz
Score 0/154 Timer 05:00
0 Plays Today
% Correct
The
100%
you
100%
The
100%
to
100%
the
100%
The
100%
to
100%
the
100%
you
100%
you
100%
The
100%
you
100%
the
100%
You
100%
the
100%
the
100%
to
100%
the
100%
you
100%
in
97.7%
in
97.7%
I'm
97.7%
scared
97.7%
in
97.7%
In
97.7%
I'm
97.7%
scared
97.7%
in
97.7%
I'm
97.7%
I'm
97.7%
scared
97.7%
in
97.7%
In
97.7%
I'm
97.7%
scared
97.7%
of
95.3%
me
95.3%
of
95.3%
of
95.3%
face
95.3%
face
95.3%
me
95.3%
won't
95.3%
go
95.3%
an
95.3%
me
95.3%
of
95.3%
won't
95.3%
of
95.3%
of
95.3%
face
95.3%
me
95.3%
% Correct
won't
95.3%
go
95.3%
an
95.3%
day
93%
another
93%
day
93%
fear
93%
away
93%
were
93%
another
93%
day
93%
fear
93%
away
93%
were
93%
I
90.7%
no
90.7%
'Cause
90.7%
I
90.7%
'Cause
90.7%
just
90.7%
and
90.7%
I
90.7%
No
90.7%
no
90.7%
'Cause
90.7%
just
90.7%
and
90.7%
my
88.4%
my
88.4%
my
88.4%
a
88.4%
a
88.4%
your
88.4%
instant
88.4%
your
88.4%
a
88.4%
A
88.4%
your
88.4%
instant
88.4%
on
86%
gone
86%
Coffee
86%
on
86%
on
86%
on
86%
gone
86%
pages
83.7%
blank
81.4%
diary
81.4%
can't
81.4%
can't
81.4%
That
79.1%
% Correct
left
79.1%
look
79.1%
left
79.1%
left
79.1%
now
79.1%
See
76.7%
picture
76.7%
stains
76.7%
light
74.4%
book
74.4%
take
74.4%
since
72.1%
favorite
72.1%
Remind
72.1%
haven't
69.8%
radio
69.8%
so
69.8%
hear
67.4%
floor
67.4%
need
67.4%
them
67.4%
anymore
67.4%
smell
67.4%
stereo
65.1%
piano
65.1%
here
65.1%
home
62.8%
bear
62.8%
sits
62.8%
space
62.8%
With
62.8%
footsteps
62.8%
hall
62.8%
cologne
62.8%
sign
60.5%
alone
60.5%
blinds
58.1%
Dust
58.1%
gathers
58.1%
There's
58.1%
touched
55.8%
closed
55.8%
magazines
55.8%
hanging
55.8%
sweet
55.8%
lying
55.8%
shaded
51.2%
wall
51.2%
towel
44.2%
wet
41.9%
Remove Ads.
Support Sporcle.
Get the best of Sporcle when you Go Orange. This ad-free experience offers more features, more stats, and more fun while also helping to support Sporcle. Thank you for becoming a member.

You're not logged in!

Compare scores with friends on all Sporcle quizzes.
OR
Log In

Show Comments

Extras

Created Jul 8, 2012ReportNominate
Tags:Lyrics Quiz

Top Quizzes Today


Score Distribution

Your Account Isn't Verified!

In order to create a playlist on Sporcle, you need to verify the email address you used during registration. Go to your Sporcle Settings to finish the process.

Report this User

Report this user for behavior that violates our Community Guidelines.

Details: